| 000 | 00448cam a2200181ua 4500 | ||
|---|---|---|---|
| 020 | _c1.50 | ||
| 041 |
_amal _h |
||
| 082 |
_a894.812809 _bMUN/RA |
||
| 100 | _aJoseph, Mundasseri . | ||
| 245 |
_aRajarajante mattoli / _cJoseph Mundasseri. _hTextual Documents |
||
| 250 |
_a1 / _b. |
||
| 260 |
_aThrissur : _bMangalodhayam pvt ltd , _c1961. |
||
| 300 | _a115 ; . | ||
| 365 | _a1.50 | ||
| 504 | _a | ||
| 942 | _cBK | ||
| 999 |
_c12808 _d12808 |
||